000
00204 a2200097 4500
001
1982
100
_a
Court,WHB
245
_a
Economic History of Britain
260
_a
_b
Cambridge
_c
090
_c
1470
_d
1470
942
_a
NUST-CAE
_c
M
_c
5225
999
_c
237055
_d
237055